000 00925nam a22001817a 4500
005 2012021301531.0
020 _a9780195670486
_c122.00
020 _a0195670485
245 _aऑक्सफोर्ट स्टूडेन्ट अंग्रेजी-हिंदी शब्दकोश /
_cआर.एन.सहाय एवं एस.के.वर्मा द्वारा संपादित
250 _a18वां संस्क
260 _aनई दिल्ली
_bआक्सफोर्ड
_c2011
270 _aYMCA लाइब्रेरी बिल्डिंग,जय स
_bनई दिल्ली
_e110001
300 _a642पृ
_c18 सेमी(अजिल्द)
700 _aसहाय, आर.एन.
_942183
700 _aवर्मा, एस.के.
_942184
942 _2ddc
_cCH
_mऑक्सफो
999 _c62643
_d62643